Follow That Line: Moonrise Kingdom Quiz Stats

 Plays Quiz not verified by Sporcle

Challenge
Share
Tweet
Embed
Score 0/22 Timer 09:00
0 Plays Today
% Correct
I lost my temper at myself.
95%
I, uh... I think they're gonna grow more.
94.5%
They'll bite you if you put your fingers in their mouths.
94.5%
I pretend it's my magic power.
94.3%
Because your girlfriend stabbed me in the back with lefty scissors.
93.7%
Who's to say? But he didn't deserve to die.
93.7%
It might also help if you didn't wear a fur hat.
92.8%
Usually I prefer a girl hero, but not always.
92.8%
But I guess he is kind of sad.
92.6%
That's a loaded question.
92.1%
They're just supposed to be creative.
92%
% Correct
All mankind makes mistakes.
91.8%
I wish I didn't have to mention it but just in case. I don't want to make you be offended.
91.8%
I have no memory of this, but my foster parents think I am lying.
91.7%
But even smart kids stick their finger in electrical sockets sometimes.
90.4%
Half of those were self-inflicted.
89.4%
It's not meant for a male to wear, but I don't give a damn.
88.8%
Horrible.
88.3%
I love you, but you don't know what you're talking about.
88.2%
Now go over by the trampoline and talk it through before you give me another quick answer.
87.4%
But then again, I don't have to, 'cause you're 12 years old.
85.7%
It won't be an easy life, but it's better than shock therapy.
83.8%

You're not logged in!

Compare scores with friends on all Sporcle quizzes.
Join for Free
OR
Log In

You Might Also Like...

Show Comments

Extras

Top Quizzes Today


Score Distribution

Your Account Isn't Verified!

In order to create a playlist on Sporcle, you need to verify the email address you used during registration. Go to your Sporcle Settings to finish the process.

Report this User

Report this user for behavior that violates our Community Guidelines.

Details: